000
00324nam a2200133Ia 4500
008
151001s9999||||xx |||||||||||||| ||und||
100
_a
लीना दामले
245
_a
नक्षत्रकथा
250
_a
1
260
_b
दिलीपराज
260
_c
2013
300
_a
76
365
_b
24
999
_c
1000118
_d
1000115